[Event "Match"]
[Site "www.echecsemail.com"]
[Date "2018.11.27"]
[Round "1"]
[White "Bigrezi"]
[Black "Chapi"]
[WhiteElo "2310"]
[BlackElo "2040"]
[Result "1-0"]
[Round "1"]
1.e4 c5
2.Ng1f3 Nb8c6
3.d4 cxd4
4.Nf3xd4 g6
5.Nb1c3 Bf8g7
6.Bc1e3 a6
7.Nc3d5 Ng8f6
8.Nd4xc6 bxc6
9.Be3b6 cxd5
10.Bb6xd8 Kxd8
11.e5 Nf6g4
12.Qd1xg4 Bg7xe5
13.O-O-O Ra8b8
14.c3 d6
15.Qg4a4 e6
16.f4 Bc8d7
17.Qa4a5 { resign }
1-0

[Event "Tourn. n9976"]
[Site "www.echecsemail.com"]
[Date "2018.11.27"]
[Round "1"]
[White "Coolant"]
[Black "Cathar"]
[WhiteElo "2340"]
[BlackElo "2210"]
[Result "0-1"]
[Round "1"]
1.e4 c5
2.d4 cxd4
3.Ng1f3 e6
4.Nf3xd4 a6
5.c4 Ng8f6
6.Nb1c3 Bf8b4
7.Bf1d3 Nb8c6
8.Bc1e3 Nc6e5
9.O-O Qd8c7
10.Qd1e2 d6
11.Ra1c1 Bb4c5
12.Nd4b3 Bc5xe3
13.Qe2xe3 b6
14.f4 Ne5xd3
15.Qe3xd3 Bc8b7
16.Rf1d1 Ra8d8
17.Rd1d2 O-O
18.Rc1d1 Nf6e8
19.Nc3e2 Bb7c6
20.Nb3d4 Bc6b7
21.b4 Qc7b8
22.f5 e5
23.Nd4c2 Qb8a8
24.Ne2c3 Ne8f6
25.Rd1e1 Rd8d7
26.Kf2 Rf8d8
27.Kf3 Nf6xe4
28.Nc3xe4 d5
29.cxd5 Rd7xd5
30.Qd3xd5 Bb7xd5
{ resign }
0-1

[Event "Match"]
[Site "www.echecsemail.com"]
[Date "2018.11.27"]
[Round "1"]
[White "Tonino1"]
[Black "Caspito"]
[WhiteElo "2120"]
[BlackElo "1830"]
[Result "1-0"]
[Round "1"]
1.f4 d5
2.d4 Nb8c6
3.e3 e6
4.Ng1f3 Ng8h6
5.c3 g6
6.Bf1d3 Bf8g7
7.O-O O-O
8.Nb1d2 a6
9.Nf3e5 Bc8d7
10.Ne5xd7 Qd8xd7
11.Nd2f3 b5
12.Nf3e5 Nc6xe5
13.fxe5 Ra8c8
14.e4 c5
15.Bc1e3 c4
16.Bd3c2 Kh8
17.h3 a5
18.Qd1d2 Rc8c7
19.Be3xh6 Qd7e7
20.Bh6xg7 Kxg7
21.Rf1f6 b4
22.Ra1e1 b3
23.axb3 Rc7a7
24.exd5 exd5
25.Qd2g5 h6
26.Qg5g4 a4
27.Bc2xg6 fxg6
28.Qg4xg6 Kh8
29.Qg6xh6 Kg8
30.Rf6g6 Kf7
31.Re1f1 Ke8
32.Rg6e6 Rf8xf1
33.Kxf1 Kd8
34.Qh6h8 Kd7
35.Re6xe7 { resign }
1-0

[Event "Tourn. n9999"]
[Site "www.echecsemail.com"]
[Date "2018.11.27"]
[Round "1"]
[White "Fabos12"]
[Black "Malbertan"]
[WhiteElo "1970"]
[BlackElo "1950"]
[Result "0-1"]
[Round "1"]
1.d4 e6
2.Ng1f3 c5
3.c3 Nb8c6
4.d5 exd5
5.Qd1xd5 Ng8f6
6.Qd5b3 d5
7.Bc1g5 Bf8e7
8.Nb1d2 { time. }
0-1

[Event "Tourn. n10011"]
[Site "www.echecsemail.com"]
[Date "2018.11.27"]
[Round "1"]
[White "Apdash"]
[Black "Fantomas"]
[WhiteElo "2280"]
[BlackElo "2110"]
[Result "1-0"]
[Round "1"]
1.e4 c5
2.Ng1f3 g6
3.d4 cxd4
4.Nf3xd4 Nb8c6
5.Nb1c3 Bf8g7
6.Bc1e3 d6
7.Bf1b5 Bc8d7
8.O-O Ng8f6
9.Qd1d2 O-O
10.Nd4xc6 bxc6
11.Bb5c4 Nf6g4
12.Be3f4 Bg7e5
13.Bf4xe5 Ng4xe5
14.Bc4b3 Ne5g4
15.h3 Ng4f6
16.f4 Qd8a5
17.Kh2 Qa5h5
18.f5 gxf5
19.exf5 Bd7xf5
20.Nc3e2 Bf5g6
21.Ne2f4 Qh5g5
22.Qd2e2 e5
23.Nf4xg6 hxg6
24.Qe2f3 Kg7
25.Qf3xc6 Nf6h5
26.Bb3xf7 Nh5f4
27.Bf7d5 Nf4e2
28.Qc6d7 Kh6
29.Bd5xa8 { resign }
1-0

[Event "Fast Game"]
[Site "www.echecsemail.com"]
[Date "2018.11.27"]
[Round "1"]
[White "Erno"]
[Black "Cemaah"]
[WhiteElo "1599"]
[BlackElo "1599"]
[Result "1-0"]
[Round "1"]
1.d4 Ng8f6
2.c4 e6
3.Ng1f3 c5
4.d5 exd5
5.cxd5 d6
6.a4 g6
7.e4 Bf8g7
8.Nb1c3 O-O
9.Bf1d3 Rf8e8
10.O-O Bc8g4
11.h3 Bg4xf3
12.Qd1xf3 Nb8d7
13.Bd3c2 a6
14.a5 Ra8b8
15.Bc1e3 b5
16.axb6 Rb8xb6
17.Rf1b1 Qd8c7
18.Qf3e2 Nd7b8
19.b3 Nf6d7
20.Qe2d2 Rb6b4
21.Ra1a3 c4
22.Nc3a2 Rb4b7
23.b4 Re8c8
24.f4 Nd7f6
25.Na2c3 Qc7e7
26.Be3d4 Rb7d7
27.Qd2e3 Rd7b7
28.e5 Nf6e8
29.Ra3a5 dxe5
30.fxe5 Rb7xb4
31.Rb1f1 f5
32.d6 Qe7e6
33.Nc3d5 Nb8c6
34.Nd5xb4 Nc6xa5
35.Bc2a4 { resign }
1-0

[Event "Match"]
[Site "www.echecsemail.com"]
[Date "2018.11.28"]
[Round "1"]
[White "Llord"]
[Black "Apdash"]
[WhiteElo "1870"]
[BlackElo "2320"]
[Result "0-1"]
[Round "1"]
1.e4 c5
2.Bf1c4 e6
3.Ng1f3 d5
4.exd5 exd5
5.Bc4b5 Bc8d7
6.Bb5xd7 Nb8xd7
7.O-O Bf8e7
8.d3 Ng8f6
9.c4 O-O
10.Nb1c3 d4
11.Nc3e4 Nf6xe4
12.dxe4 Qd8c7
13.b3 f5
14.exf5 Rf8xf5
15.Qd1d3 Ra8f8
16.Bc1b2 Qc7f4
17.Bb2c1 Qf4g4
18.h3 Qg4g6
19.Nf3h2 Nd7e5
20.Qd3g3 Qg6c6
21.Bc1d2 Rf8f6
22.Ra1e1 Rf6g6
23.Nh2g4 Be7d6
24.Bd2f4 Rf5xf4
25.Qg3xf4 Ne5xg4
26.Qf4d2 Ng4h2
{ resign }
0-1

[Event "Match"]
[Site "www.echecsemail.com"]
[Date "2018.11.28"]
[Round "1"]
[White "Apdash"]
[Black "Bigrezi"]
[WhiteElo "2330"]
[BlackElo "2310"]
[Result "0-1"]
[Round "1"]
1.e4 e5
2.Ng1f3 Nb8c6
3.d4 exd4
4.Nf3xd4 Ng8f6
5.Bc1g5 h6
6.Bg5h4 g5
7.Nd4xc6 bxc6
8.e5 gxh4
9.exf6 Qd8xf6
10.Nb1c3 Ra8b8
11.Nc3a4 Rb8b4
12.b3 Rb4d4
13.Bf1d3 Rh8g8
14.Qd1e2 Bf8e7
15.O-O Rd4g4
16.Bd3e4 d5
17.Be4f3 Rg4xg2
18.Kh1 Qf6g7
19.Na4c5 Kd8
20.Nc5e4 Bc8f5
21.Ra1d1 Bf5xe4
22.Qe2xe4 Rg2xh2
23.Kxh2 Be7d6
24.Kh1 dxe4
{ resign }
0-1

[Event "Tourn. n9997"]
[Site "www.echecsemail.com"]
[Date "2018.11.28"]
[Round "1"]
[White "Apdash"]
[Black "Seger"]
[WhiteElo "2320"]
[BlackElo "2820"]
[Result "0-1"]
[Round "1"]
1.e4 e5
2.Ng1f3 Nb8c6
3.d4 exd4
4.Nf3xd4 Bf8c5
5.Bc1e3 Qd8f6
6.c3 Ng8e7
7.Bf1c4 O-O
8.O-O d6
9.Nd4xc6 Ne7xc6
10.Be3xc5 dxc5
11.Nb1d2 Nc6e5
12.Bc4b3 b5
13.Bb3c2 c4
14.f4 Qf6b6
15.Kh1 Bc8g4
16.Qd1e1 Ne5d3
17.Qe1g3 Bg4e2
18.Bc2xd3 cxd3
19.Rf1e1 a5
20.Nd2f3 Rf8e8
21.Nf3e5 Ra8d8
22.h4 f6
23.Ne5xd3 Rd8xd3
24.Qg3h2 Re8xe4
25.Ra1c1 Qb6f2
{ resign }
0-1

[Event "Tourn. n10002"]
[Site "www.echecsemail.com"]
[Date "2018.11.28"]
[Round "1"]
[White "Apdash"]
[Black "Seger"]
[WhiteElo "2350"]
[BlackElo "2820"]
[Result "0-1"]
[Round "1"]
1.e4 c5
2.Ng1f3 Nb8c6
3.d4 cxd4
4.Nf3xd4 Ng8f6
5.Nb1c3 e5
6.Nd4f5 d5
7.exd5 Bc8xf5
8.dxc6 Qd8xd1
9.Kxd1 O-O-O
10.Bc1d2 Nf6g4
11.cxb7 Kxb7
12.Ke1 Ng4xf2
13.Kxf2 Rd8xd2
14.Ke3 Rd2xc2
15.Nc3e4 g6
16.b3 Bf8h6
17.Kf3 Rh8d8
18.Bf1c4 Bf5xe4
19.Kxe4 Rd8d4
20.Kf3 Rd4f4
21.Kg3 Rc2c3
{ resign }
0-1

[Event "Match"]
[Site "www.echecsemail.com"]
[Date "2018.11.28"]
[Round "1"]
[White "Tonino1"]
[Black "Chapi"]
[WhiteElo "2240"]
[BlackElo "2040"]
[Result "1-0"]
[Round "1"]
1.d4 d5
2.Ng1f3 c5
3.e3 cxd4
4.exd4 Nb8c6
5.c3 Bc8g4
6.Bf1d3 e5
7.dxe5 Nc6xe5
8.Bd3b5 Ne5d7
9.Qd1xd5 Ng8f6
10.Qd5e5 Bf8e7
11.Nf3d4 O-O
12.Qe5g3 a6
13.Bb5d3 Rf8e8
14.O-O Nd7c5
15.Bc1g5 Nc5xd3
16.Qg3xd3 Be7c5
17.f3 Bg4d7
18.Rf1d1 Bd7b5
19.Qd3f5 Ra8c8
20.Bg5xf6 Qd8xf6
21.Qf5xf6 gxf6
22.a4 Bb5c6
23.Nb1a3 Bc6xa4
24.Rd1d2 Re8e7
25.Kf1 Rc8d8
26.Nd4b3 Rd8xd2
27.Nb3xd2 f5
28.b4 Bc5d6
29.g3 Re7e3
30.Ra1c1 f4
31.Kf2 a5
32.Na3c4 Re3d3
33.Ke2 Rd3xd2
34.Kxd2 Bd6c7
35.g4 Ba4c6
36.Rc1f1 a4
37.Nc4a3 Kg7
38.Ke2 Kg6
39.b5 Bc6d7
40.c4 Bc7d6
41.Rf1a1 f5
42.h3 h5
43.gxh5 Kxh5
44.Na3c2 Bd7e6
45.Ra1xa4 Kh4
46.Nc2d4 Be6c8
47.Ra4a8 Bc8e6
48.Nd4xe6 { resign }
1-0

[Event "Tourn. n9982"]
[Site "www.echecsemail.com"]
[Date "2018.11.28"]
[Round "1"]
[White "Tartan"]
[Black "Ejner"]
[WhiteElo "2610"]
[BlackElo "2460"]
[Result "1-0"]
[Round "1"]
1.d4 d5
2.c4 e6
3.Nb1c3 c5
4.Ng1f3 cxd4
5.Nf3xd4 e5
6.Nd4b5 a6
7.Qd1a4 Nb8c6
8.Nc3xd5 axb5
9.Qa4xa8 Nc6b4
10.Nd5e3 { resign }
1-0

[Event "Match"]
[Site "www.echecsemail.com"]
[Date "2018.11.28"]
[Round "1"]
[White "Apdash"]
[Black "Chapi"]
[WhiteElo "2330"]
[BlackElo "2010"]
[Result "0-1"]
[Round "1"]
1.e4 c5
2.Ng1f3 Nb8c6
3.d4 cxd4
4.Nf3xd4 g6
5.Bf1c4 Bf8g7
6.c3 Qd8b6
7.Nd4xc6 bxc6
8.O-O Qb6c5
9.Bc4b3 Ng8f6
10.Bc1e3 Qc5b5
11.Nb1a3 Qb5b8
12.f3 O-O
13.Qd1d2 e6
14.Na3c4 Bc8a6
15.Rf1d1 d5
16.exd5 cxd5
17.Nc4a3 Nf6d7
18.Ra1b1 Nd7e5
19.Be3h6 Ne5d3
20.c4 Qb8b6
21.Bh6e3 Bg7d4
22.Qd2xd3 Bd4xe3
23.Kh1 d4
24.Na3c2 Rf8d8
25.Rd1e1 Be3g5
26.Re1e4 Bg5f6
27.Bb3a4 e5
28.b4 Ba6c8
29.c5 Qb6c7
30.g4 Bf6e7
31.Rb1e1 Be7f6
32.c6 Bc8e6
33.a3 Be6d5
34.b5 Bd5xe4
35.Re1xe4 Rd8d5
36.Qd3c4 Qc7d6
37.Ba4b3 Rd5c5
38.Qc4xf7 Kh8
39.f4 Rc5xb5
40.g5 Bf6g7
41.Nc2b4 a5
42.fxe5 Bg7xe5
43.Re4h4 Be5g7
44.Bb3e6 Rb5xg5
45.Nb4d5 Qd6xc6
46.Qf7f4 Rg5xd5
47.Qf4e4 Qc6c1
48.Kg2 Rd5g5
49.Be6g4 Ra8b8
50.Kf2 Qc1e3
51.Qe4xe3 dxe3
52.Kxe3 h5
53.Bg4e2 Rb8b3
54.Kf2 Rb3xa3
55.Rh4c4 Ra3h3
56.Rc4c8 Kh7
57.Be2c4 Rh3xh2
58.Kf1 Bg7d4
59.Bc4g8 Kh6
60.Rc8c6 Rg5g1
{ resign }
0-1

[Event "Tourn. n9911"]
[Site "www.echecsemail.com"]
[Date "2018.11.28"]
[Round "1"]
[White "Paulsyd"]
[Black "Aperturaf"]
[WhiteElo "2620"]
[BlackElo "2730"]
[Result "1/2-1/2"]
[Round "1"]
1.e4 e6
2.d4 d5
3.Nb1c3 Ng8f6
4.e5 Nf6d7
5.f4 c5
6.Ng1f3 Nb8c6
7.Bc1e3 a6
8.Qd1d2 b5
9.a3 Bc8b7
10.Bf1d3 Qd8b6
11.Qd2f2 c4
12.Bd3e2 b4
13.axb4 Nc6xb4
14.Ra1c1 h5
15.O-O g6
16.b3 Qb6d8
17.bxc4 dxc4
18.Nf3g5 Qd8c8
19.Qf2g3 Nd7b6
20.Ng5e4 Nb4d5
21.Be3d2 h4
22.Qg3f3 Bf8e7
23.Rc1b1 Nd5xc3
24.Bd2xc3 Bb7xe4
25.Qf3xe4 Nb6d5
26.Bc3a5 Qc8c6
27.Rb1b2 O-O
28.Rf1b1 { draw }
1/2-1/2

[Event "Match"]
[Site "www.echecsemail.com"]
[Date "2018.11.28"]
[Round "1"]
[White "Sonny1000"]
[Black "Whitekknight"]
[WhiteElo "1580"]
[BlackElo "1850"]
[Result "0-1"]
[Round "1"]
1.e4 e5
2.Ng1f3 Nb8c6
3.c3 Ng8f6
4.Nf3g5 h6
5.Ng5h3 d6
6.Bf1d3 Bf8e7
7.Qd1b3 O-O
8.g3 Ra8b8
9.Nb1a3 Bc8e6
10.Na3c4 a6
11.Qb3a4 Be6xh3
12.f3 Bh3g2
13.Rh1g1 Bg2xf3
14.h3 Bf3xe4
15.Qa4c2 d5
16.Bd3xe4 Nf6xe4
17.Qc2d3 Ne4c5
18.Qd3f3 dxc4
19.Kf2 e4
20.Qf3e2 Qd8d3
21.Qe2xd3 Nc5xd3
22.Kg2 Be7c5
23.Rg1f1 Rb8e8
24.Rf1f5 Re8e5
25.Rf5f1 f5
26.Rf1h1 Rf8f6
27.Rh1f1 Bc5d6
28.Rf1h1 Rf6g6
29.b4 Re5e6
30.Bc1a3 b5
31.Rh1f1 Rg6xg3
32.Kh1 Rg3xh3
33.Kg2 Rh3h2
34.Kg1 Re6g6

0-1

[Event "Tourn. n10011"]
[Site "www.echecsemail.com"]
[Date "2018.11.28"]
[Round "1"]
[White "Fantomas"]
[Black "Yarkov"]
[WhiteElo "2110"]
[BlackElo "2030"]
[Result "0-1"]
[Round "1"]
1.e4 c5
2.Ng1f3 d6
3.Nb1c3 Nb8c6
4.d4 cxd4
5.Nf3xd4 Ng8f6
6.h3 e5
7.Nd4f3 Bf8e7
8.a3 O-O
9.Bc1e3 Bc8e6
10.Nf3g5 d5
11.exd5 Nf6xd5
12.Nc3xd5 Be7xg5
13.Be3xg5 Qd8xg5
14.Nd5e3 Ra8d8
15.Qd1c1 e4
16.Bf1e2 Qg5g6
17.b4 f5
18.g3 Nc6d4
19.Ne3g2 Nd4xe2
20.Kxe2 Be6c4
21.Ke1 Qg6f6
{ resign }
0-1

[Event "Match"]
[Site "www.echecsemail.com"]
[Date "2018.11.28"]
[Round "1"]
[White "Mitja"]
[Black "Bojan"]
[WhiteElo "1990"]
[BlackElo "1960"]
[Result "0-1"]
[Round "1"]
1.d4 d5
2.e3 c6
3.c3 Ng8f6
4.h3 e6
5.Ng1f3 Nf6e4
6.Nb1d2 Nb8d7
7.Nd2xe4 dxe4
8.Nf3d2 f5
9.Nd2c4 b5
10.Nc4e5 Qd8c7
11.Qd1h5 Ke7
12.Ne5g6 hxg6
13.Qh5xh8 Kf7
14.Qh8h4 Bf8e7
15.Qh4f4 Be7d6
16.Qf4h4 Nd7f6
17.g4 Bc8b7
18.gxf5 exf5
19.Qh4g5 Bd6e7
20.Qg5g2 Nf6d5
21.Bf1e2 Ra8h8
22.Kd2 a6
23.b3 c5
24.Bc1b2 Bb7c8
25.c4 bxc4
26.Be2xc4 Qc7c6
27.dxc5 Be7xc5
28.Kc2 Bc8e6
29.Ra1d1 Bc5b6
30.h4 a5
31.Kb1 a4
32.Bb2d4 axb3
33.axb3 Bb6xd4
34.Rd1xd4 Nd5e7
35.Bc4xe6 Qc6xe6
36.Kb2 Rh8b8
37.b4 Ne7c6
38.Rd4d2 Rb8xb4
39.Ka1 Qe6b3
40.f4 exf3
41.Qg2f2 Nc6e5
42.Rd2b2 Qb3a3
43.Rb2a2 Qa3c3
44.Ra2b2 Ne5c4
45.Rh1d1 Rb4xb2
{ resign }
0-1

[Event "Tourn. n10000"]
[Site "www.echecsemail.com"]
[Date "2018.11.28"]
[Round "1"]
[White "Apdash"]
[Black "Coolant"]
[WhiteElo "2320"]
[BlackElo "2360"]
[Result "0-1"]
[Round "1"]
1.e4 c5
2.Ng1f3 e6
3.d4 cxd4
4.Nf3xd4 a6
5.Nb1c3 Qd8c7
6.Bf1e2 b5
7.O-O Bc8b7
8.a3 Ng8f6
9.Be2d3 Nb8c6
10.Nd4xc6 dxc6
11.Bc1e3 c5
12.f3 c4
13.Bd3e2 Bf8d6
14.h3 Ra8d8
15.Qd1c1 Nf6h5
16.f4 Nh5g3
17.e5 Bd6c5
18.Rf1f2 Ng3f5
19.Be3xc5 Qc7xc5
20.g4 Nf5d4
21.Qc1e3 Qc5c6
22.Nc3e4 Qc6xe4
23.Qe3xe4 Bb7xe4
24.c3 Nd4b3
25.Ra1d1 Ke7
26.f5 Rd8xd1
27.Be2xd1 Rh8d8
28.Bd1xb3 cxb3
29.Rf2f4 Be4c2
30.c4 Rd8d1
31.Kf2 Rd1b1
32.cxb5 axb5
33.f6 gxf6
34.exf6 Kd6
35.a4 Rb1xb2
36.axb5 Bc2d3
37.Kg3 Bd3xb5
38.g5 Bb5c6
39.Rf4b4 Rb2g2
40.Kh4 b2
41.Kh5 Bc6e4
{ resign }
0-1

[Event "Match"]
[Site "www.echecsemail.com"]
[Date "2018.11.28"]
[Round "1"]
[White "Ketchuplover"]
[Black "Aiko1603"]
[WhiteElo "1980"]
[BlackElo "2090"]
[Result "0-1"]
[Round "1"]
1.Ng1f3 c5
2.g3 Nb8c6
3.d4 cxd4
4.Nf3xd4 g6
5.Bf1g2 Bf8g7
6.Nd4xc6 bxc6
7.O-O Ng8f6
8.e4 d6
9.e5 Nf6d5
10.Bg2xd5 cxd5
11.Qd1xd5 Bc8e6
12.Qd5c6 Be6d7
13.Qc6b7 Bg7xe5
14.Nb1c3 O-O
15.Bc1e3 a5
16.Be3b6 Qd8b8
17.Qb7xd7 Qb8xb6
18.Ra1b1 e6
19.Qd7b5 Qb6c7
20.Qb5d3 d5
21.f4 Be5g7
22.Nc3e2 Qc7b6
23.Kg2 Bg7xb2
24.Ne2c3 a4
25.Nc3d1 a3
26.Qd3b3 Qb6c6
27.Nd1xb2 Rf8b8
28.Rf1c1 Rb8xb3
29.cxb3 Qc6b5
30.Nb2a4 Qb5e2
31.Kg1 Qe2xa2
32.b4 Ra8xa4
33.b5 Ra4c4
34.Rc1d1 Rc4c2
{ resign }
0-1

[Event "Fast Game"]
[Site "www.echecsemail.com"]
[Date "2018.11.28"]
[Round "1"]
[White "Hennie4820"]
[Black "Apdash"]
[WhiteElo "1640"]
[BlackElo "1830"]
[Result "1/2-1/2"]
[Round "1"]
1.e4 e5
2.Ng1f3 Nb8c6
3.Bf1c4 Bf8c5
4.d4 Bc5xd4
5.Nf3xd4 Nc6xd4
6.Bc1e3 c5
7.O-O Ng8f6
8.Nb1c3 a6
9.f3 O-O
10.Nc3d5 Nf6xd5
11.Bc4xd5 d6
12.c3 Nd4c6
13.a3 Nc6e7
14.Bd5b3 b5
15.Qd1d2 c4
16.Bb3a2 Bc8e6
17.Ra1d1 Ne7c8
18.Ba2b1 Qd8h4
19.Be3g5 Qh4h5
20.g4 Qh5h3
21.Qd2g2 Qh3xg2
22.Kxg2 f6
23.Bg5h4 Rf8d8
24.Rd1d2 Ra8a7
25.Rf1d1 g5
26.Bh4f2 Ra7d7
27.h4 h6
28.h5 Kf7
29.Bf2e3 d5
30.exd5 Rd7xd5
31.Rd2xd5 Rd8xd5
32.Rd1xd5 Be6xd5
33.Kf2 Nc8d6
34.Bb1g6 Ke6
35.Be3c5 Nd6b7
36.Bc5b6 Nb7d6
37.Ke3 f5
38.Bb6c7 f4
39.Ke2 e4
40.fxe4 Nd6xe4
41.Bg6xe4 Bd5xe4
42.Bc7a5 Be4g2
43.Ba5b4 Kf7
44.Kf2 Bg2b7
45.Bb4a5 Ke6
46.Ke2 Bb7h1
47.Ba5b4 Ke5
48.Bb4f8 Ke4
49.Bf8xh6 Bh1f3
50.Kd2 Bf3xg4
51.Bh6xg5 Bg4xh5
52.Bg5h4 Kf3
53.Bh4g5 Kg3
54.Ke1 Kf3
55.Kd2 Ke4
56.Bg5h4 Kf3
57.Ke1 Ke3
58.Bh4g5 Kd3
59.Bg5xf4 Kc2
60.Bf4d6 Kxb2
61.Bd6b4 Kb3
62.Kd2 Kb2
63.Ke3 Kb3
64.Kd4 { draw }
1/2-1/2

[Event "Fast Game"]
[Site "www.echecsemail.com"]
[Date "2018.11.28"]
[Round "1"]
[White "Tonino1"]
[Black "Mitja"]
[WhiteElo "1870"]
[BlackElo "1760"]
[Result "0-1"]
[Round "1"]
1.d4 d5
2.Ng1f3 e6
3.e3 c6
4.Bf1d3 Ng8f6
5.Nb1d2 b6
6.Qd1e2 Bc8b7
7.O-O Bf8d6
8.e4 dxe4
9.Nd2xe4 Nf6xe4
10.Qe2xe4 Qd8c7
11.Nf3e5 c5
12.c3 Bb7xe4
13.Bd3xe4 Bd6xe5
14.Be4xa8 Be5xh2
15.Kh1 cxd4
16.cxd4 Bh2f4
17.Ba8f3 O-O
18.Bc1e3 Bf4xe3
19.fxe3 Qc7c2
20.Ra1b1 Rf8c8
21.d5 exd5
22.Bf3xd5 Rc8c7
 { time }
0-1

[Event "Fast Game"]
[Site "www.echecsemail.com"]
[Date "2018.11.28"]
[Round "1"]
[White "Apdash"]
[Black "Erno"]
[WhiteElo "1830"]
[BlackElo "1689"]
[Result "0-1"]
[Round "1"]
1.e4 c5
2.Ng1f3 d6
3.d4 cxd4
4.Nf3xd4 Ng8f6
5.Nb1c3 a6
6.Bf1d3 e5
7.Nd4b3 Bf8e7
8.O-O O-O
9.f3 Bc8e6
10.Bc1g5 Nf6xe4
11.Bg5xe7 Ne4xc3
12.Be7xd8 Nc3xd1
13.Bd8e7 Rf8e8
14.Be7xd6 Nd1xb2
15.Bd3e4 Nb2c4
16.Bd6c5 Nb8c6
17.Be4xc6 bxc6
18.Rf1e1 a5
19.Nb3c1 Be6f5
20.Nc1d3 f6
21.Kf2 Ra8d8
22.Re1d1 Rd8d5
23.Bc5e3 e4
24.fxe4 Bf5xe4
25.Be3f4 g5
26.Bf4c1 Be4xd3
27.cxd3 Nc4e5
28.d4 c5
29.Bc1b2 Re8d8
30.Ke2 Ne5c4
31.Bb2c3 cxd4
32.Bc3e1 d3
33.Kf2 d2
34.Be1xd2 Rd5xd2
35.Rd1xd2 Rd8xd2
36.Kg3 Nc4e3
37.a4 Kf8
38.Ra1a3 Rd2xg2
39.Kh3 g4
{ resign }
0-1

[Event "Fast Game"]
[Site "www.echecsemail.com"]
[Date "2018.11.28"]
[Round "1"]
[White "Add"]
[Black "Apdash"]
[WhiteElo "1870"]
[BlackElo "1830"]
[Result "1/2-1/2"]
[Round "1"]
1.e4 c5
2.Bf1c4 e6
3.Nb1c3 a6
4.a4 Nb8c6
5.Ng1f3 Ng8f6
6.d3 d5
7.exd5 exd5
8.Bc4b3 Bf8e7
9.h3 O-O
10.O-O Nc6b4
11.Nc3e2 Bc8f5
12.Ne2g3 Bf5e6
13.c3 Nb4c6
14.Bb3c2 d4
15.Bc1d2 Qd8d5
16.c4 Qd5d7
17.Nf3g5 Be6f5
18.Ng3xf5 Qd7xf5
19.Ng5f3 Be7d6
20.Rf1e1 Rf8e8
21.Re1xe8 Ra8xe8
22.Qd1f1 Nc6e5
23.Nf3xe5 Qf5xe5
24.f4 Qe5e2
25.Qf1f2 Nf6h5
26.Bc2d1 Qe2xf2
27.Kxf2 Nh5xf4
28.Bd2xf4 Bd6xf4
29.Bd1e2 Bf4e3
30.Ke1 a5
31.Kd1 Re8e6
32.Kc2 Re6f6
33.Ra1f1 Rf6c6
34.Be2f3 Rc6c7
35.b3 b6
36.Bf3d5 Kf8
37.Bd5e4 f6
38.Be4xh7 Kf7
39.Bh7e4 g5
40.Be4f5 Rc7e7
{ draw }
1/2-1/2

[Event "Match"]
[Site "www.echecsemail.com"]
[Date "2018.11.29"]
[Round "1"]
[White "Zorkvonblitz"]
[Black "Micheles"]
[WhiteElo "1649"]
[BlackElo "2560"]
[Result "0-1"]
[Round "1"]
1.h4 d5
2.f4 Nb8c6
3.d4 Bc8g4
4.g3 e6
5.Bf1g2 Ng8f6
6.Bg2f3 Qd8d7
7.Bf3xg4 Nf6xg4
8.e3 h5
9.Nb1d2 Ng4xe3
{ resign }
0-1

[Event "Match"]
[Site "www.echecsemail.com"]
[Date "2018.11.29"]
[Round "1"]
[White "Zorkvonblitz"]
[Black "Logout"]
[WhiteElo "1649"]
[BlackElo "1819"]
[Result "0-1"]
[Round "1"]
1.g4 d5
2.g5 e5
3.h4 Nb8c6
4.Bf1h3 Bf8c5
5.Bh3xc8 Qd8xc8
6.Nb1c3 Ng8e7
7.d3 Qc8e6
8.f4 Qe6g4
9.e3 Qg4g2
10.Qd1f3 Qg2xc2
11.Qf3f1 O-O
12.Ng1f3 Bc5b4
13.Rh1h2 Bb4xc3
14.bxc3 Qc2xc3
{ resign }
0-1

[Event "Tourn. n9994"]
[Site "www.echecsemail.com"]
[Date "2018.11.29"]
[Round "1"]
[White "Francesco"]
[Black "Mitja"]
[WhiteElo "1930"]
[BlackElo "1920"]
[Result "1/2-1/2"]
[Round "1"]
1.e4 d5
2.exd5 Qd8xd5
3.c4 Qd5e6
4.Qd1e2 Qe6xe2
5.Bf1xe2 e6
6.d4 c6
7.Ng1f3 h6
8.Bc1f4 Ng8f6
9.O-O b6
10.a3 Bc8b7
11.Nb1c3 Bf8e7
12.Rf1e1 O-O
13.Ra1d1 Rf8d8
14.Nf3e5 Nb8d7
15.h3 Nd7xe5
16.dxe5 Nf6d7
17.Be2f3 Nd7f8
18.b4 Ra8b8
19.Kf1 Rd8xd1
20.Re1xd1 Rb8d8
21.Rd1xd8 Be7xd8
22.b5 Nf8g6
23.Bf4e3 Ng6xe5
24.bxc6 Bb7xc6
25.Bf3xc6 Ne5xc6
26.Ke2 Kf8
27.Nc3b5 Ke7
28.c5 bxc5
29.Be3xc5 Kd7
30.Nb5xa7 Nc6xa7
{ draw }
1/2-1/2

[Event "Match"]
[Site "www.echecsemail.com"]
[Date "2018.11.29"]
[Round "1"]
[White "Add"]
[Black "Jovaras"]
[WhiteElo "2230"]
[BlackElo "2180"]
[Result "1/2-1/2"]
[Round "1"]
1.e4 c5
2.Ng1f3 d6
3.h3 Ng8f6
4.Nb1c3 Nb8c6
5.d4 cxd4
6.Nf3xd4 e5
7.Nd4f3 Bc8e6
8.a3 Bf8e7
9.Bf1d3 O-O
10.O-O Ra8c8
11.Nf3g5 h6
12.Ng5xe6 fxe6
13.Bd3c4 Nc6d4
14.Bc4d3 d5
15.Rf1e1 Qd8e8
16.exd5 exd5
17.Re1xe5 Qe8d7
18.Bd3g6 Nd4c6
19.Re5e1 Qd7d6
20.Nc3e2 Nf6d7
21.Bg6h5 Qd6f6
22.f4 d4
23.Bh5g4 Rc8d8
24.c3 dxc3
25.Qd1b3 Kh8
26.Bg4xd7 Rd8xd7
27.Ne2xc3 Nc6d4
28.Qb3a4 Nd4c6
29.Bc1e3 a6
30.Ra1c1 Rf8d8
31.Rc1d1 Qf6h4
32.Be3f2 Qh4f6
33.Rd1xd7 Rd8xd7
34.Bf2e3 Qf6g6
35.Re1d1 Rd7xd1
36.Qa4xd1 Qg6f6
37.Qd1d2 Nc6a5
38.Nc3d5 Na5c4
39.Nd5xf6 Nc4xd2
40.Be3xd2 Be7xf6
41.Bd2c3 Bf6e7
42.g3 Be7c5
43.Kg2 Kg8
44.Kf3 Kf7
45.g4 g6
46.f5 gxf5
47.gxf5 b5
48.Kg4 Bc5e3
49.h4 Be3c1
50.h5 Bc1e3
51.Kf3 Be3c1
52.Ke4 a5
53.Kd5 b4
54.axb4 axb4
55.Bc3d4 Ke7
56.Kc4 Bc1d2
57.Bd4c5 Kf6
58.Bc5xb4 Bd2f4
59.Kd3 Kxf5
60.Bb4d2 Bf4e5
61.b3 Kg4
62.Bd2xh6 Kxh5
63.Bh6f8 Kg6
64.b4 Kf7
65.Bf8c5 Ke8
66.b5 Kd8
67.Kc4 Kc8
68.Kd5 Be5f4
69.Kc6 Bf4g3
70.b6 Kb8
71.Bc5d6 Bg3xd6
72.Kxd6 Kb7
73.Kc5 Kb8
74.Kb5 Kb7
75.Ka5 Kb8
{ draw }
1/2-1/2

[Event "Tourn. n9988"]
[Site "www.echecsemail.com"]
[Date "2018.11.29"]
[Round "1"]
[White "Andychesston"]
[Black "Bojan"]
[WhiteElo "2060"]
[BlackElo "1980"]
[Result "0-1"]
[Round "1"]
1.e4 e5
2.Ng1f3 d6
3.d4 Qd8e7
4.d5 Bc8g4
5.Bf1e2 Ng8f6
6.Bc1g5 h6
7.Bg5xf6 Qe7xf6
8.Nb1c3 a6
9.Qd1d3 Nb8d7
10.O-O-O Bg4h5
11.Rh1f1 Nd7c5
12.Qd3e3 Bh5g6
13.Kb1 Qf6d8
14.Ka1 Bf8e7
15.Nf3d2 Qd8d7
16.Nd2c4 b5
17.Nc4a5 b4
18.Rd1b1 bxc3
19.Qe3xc3 Nc5xe4
20.Qc3b4 Ne4c5
21.Rb1c1 O-O
22.Na5c6 Be7f6
23.f4 exf4
24.Qb4xf4 Bf6g5
25.Be2g4 Bg5xf4
26.Bg4xd7 Bf4xc1
27.Nc6e7 Kh7
28.Rf1xc1 Nc5xd7
29.h4 Nd7e5
30.h5 Bg6e4
31.g3 Ra8e8
32.Rc1e1 Be4xc2
33.Re1c1 Re8xe7
34.Rc1xc2 Rf8c8
35.a4 c6
36.b4 Re7c7
37.Rc2d2 Ne5c4
38.Rd2d4 Nc4e5
39.dxc6 Rc7xc6
40.Kb2 Rc6c2
41.Kb1 Rc8c6
42.b5 axb5
43.axb5 Rc2c4
{ resign }
0-1

[Event "Match"]
[Site "www.echecsemail.com"]
[Date "2018.11.29"]
[Round "1"]
[White "Tbsundar"]
[Black "Calponas"]
[WhiteElo "2010"]
[BlackElo "2070"]
[Result "1/2-1/2"]
[Round "1"]
1.d4 f5
2.c4 Ng8f6
3.Ng1f3 g6
4.e3 Bf8g7
5.Nb1c3 O-O
6.Bf1d3 d6
7.O-O e6
8.b3 Nb8c6
9.Bc1b2 Bc8d7
10.Ra1c1 Nc6b4
11.Bd3b1 a5
12.a3 Nb4a6
13.Qd1e2 c5
14.Rf1d1 Qd8e7
15.Nc3b5 Ra8e8
16.Qe2d2 Bd7c6
17.Qd2xa5 Nf6e4
18.Nb5a7 Qe7d7
19.Na7xc6 { draw }
1/2-1/2

[Event "Tourn. n9993"]
[Site "www.echecsemail.com"]
[Date "2018.11.29"]
[Round "1"]
[White "Alcon"]
[Black "Traub"]
[WhiteElo "1790"]
[BlackElo "1670"]
[Result "1-0"]
[Round "1"]
1.e4 d6
2.d4 Ng8f6
3.Nb1c3 g6
4.f4 Bf8g7
5.Ng1f3 O-O
6.Bf1c4 c6
7.e5 dxe5
8.fxe5 Nf6d5
9.Bc1d2 e6
10.Qd1e2 Nd5xc3
{ time. }
1-0

[Event "1/128 Finale"]
[Site "www.chess-mail.com"]
[Date "2018.11.29"]
[Round "1"]
[White "Cemaah"]
[Black "Mitja"]
[WhiteElo "1809"]
[BlackElo "1910"]
[Result "1-0"]
[Round "1"]
1.e4 d5
2.exd5 Qd8xd5
3.Nb1c3 Qd5d8
4.d4 e6
5.Nc3e4 c6
6.Ng1f3 h6
7.Bc1e3 Ng8f6
8.Ne4g3 b6
9.Bf1e2 Bc8b7
10.O-O Bf8d6
11.c3 Bd6c7
12.Rf1e1 Nb8d7
13.Qd1c2 Nf6d5
14.Be3d2 Nd7f6
15.Ra1d1 O-O
16.c4 Nd5e7
17.Bd2c3 Kh8
18.b3 Ne7g8
19.Nf3e5 Qd8e7
20.Be2f3 Bc7xe5
21.dxe5 Nf6d7
22.Ng3e4 Ra8d8
23.Ne4d6 Bb7a8
24.Rd1d2 Nd7c5
25.b4 Nc5a6
26.Qc2a4 Ba8b7
27.Nd6xb7 Qe7xb7
28.Bf3xc6 Qb7c8
29.Re1d1 Rd8xd2
30.Rd1xd2 Na6b8
31.b5 Rf8d8
32.Rd2xd8 Qc8xd8
33.Bc6e4 Ng8e7
34.Qa4c2 Qd8c7
35.Qc2d3 Nb8d7
36.f4 Nd7c5
37.Qd3d6 Qc7c8
38.Be4c2 Qc8d7
39.Bc3d4 Qd7e8
40.Bd4xc5 bxc5
41.Qd6xc5 Qe8d7
42.Qc5d6 Qd7b7
43.a4 g6
44.a5 Kg7
45.a6 Qb7c8
46.c5 Ne7d5
47.Bc2e4 Nd5xf4
48.Be4b7 { resign }
1-0

[Event "Fast Game"]
[Site "www.echecsemail.com"]
[Date "2018.11.29"]
[Round "1"]
[White "Tonino1"]
[Black "Stevep84"]
[WhiteElo "1880"]
[BlackElo "1980"]
[Result "1-0"]
[Round "1"]
1.d4 c6
2.f4 d5
3.e3 Bc8f5
4.Bf1d3 Bf5xd3
5.Qd1xd3 e6
6.Ng1f3 Ng8f6
7.Nb1d2 Nb8d7
8.O-O Qd8b6
9.c3 c5
10.Nf3e5 Bf8e7
11.Ne5xd7 Nf6xd7
12.e4 c4
13.Qd3g3 O-O
14.e5 Rf8e8
15.Nd2f3 f5
16.Nf3g5 Be7xg5
17.Qg3xg5 Qb6d8
18.Qg5h5 Qd8e7
19.Rf1f3 Qe7f7
20.Qh5h4 b5
21.Rf3h3 Qf7g6
22.Bc1d2 Nd7b6
23.Ra1f1 Nb6a4
24.Bd2c1 Ra8b8
25.Rf1f3 h6
26.Rf3g3 Qg6h7
27.Qh4xh6 Qh7xh6
28.Rh3xh6 b4
29.Kf2 bxc3
30.bxc3 Na4b2
31.Bc1d2 Nb2d3
32.Ke3 Rb8b2
33.Rh6g6 Re8e7
34.Rg6f6 Rb2xa2
35.Rg3g6  { time }
1-0